| 000 | 00478nam a2200181Ia 4500 | ||
|---|---|---|---|
| 001 | 19547 | ||
| 005 | 20260306172701.0 | ||
| 008 | 260306t2011||||xx |||||||||||||| ||spa|| | ||
| 041 | _aESP | ||
| 082 |
_a340.4 _bF42 |
||
| 100 |
_aFernández Sessarego, Carlos _eAUT |
||
| 245 | 0 |
_aEl derecho a imaginar el derecho: _banálisis, reflexiones y comentarios |
|
| 260 | _c2011 | ||
| 300 |
_a1003 páginas : _c24 cm. |
||
| 650 | _aGEN | ||
| 654 | _aCDE | ||
| 942 |
_cLIB _dJUS _fJUS _2ddc _n |
||
| 999 |
_c19547 _d19547 |
||